000 00344nam a22001217a 4500
999 _c9624
_d9624
003 OSt
008 201203b ||||| |||| 00| 0 eng d
245 _aSadhana Academy Proceedings in Engineering Sciences
250 _a2017(Apr Vol.42 No.4, May Vol.42 No.5)
260 _aBengaluru
_bSpringer
650 _aMechanical Engineering
942 _2ddc
_cBV